Web Copy That Sells (notice n° 1556431)

détails MARC
000 -LEADER
fixed length control field 01801cam a2200277zu 4500
003 - CONTROL NUMBER IDENTIFIER
control field FRCYB88811264
005 - DATE AND TIME OF LATEST TRANSACTION
control field 20251020124127.0
008 - FIXED-LENGTH DATA ELEMENTS--GENERAL INFORMATION
fixed length control field 251020s2009 fr | o|||||0|0|||eng d
020 ## - INTERNATIONAL STANDARD BOOK NUMBER
International Standard Book Number 9780814413043
035 ## - SYSTEM CONTROL NUMBER
System control number FRCYB88811264
040 ## - CATALOGING SOURCE
Original cataloging agency FR-PaCSA
Language of cataloging en
Transcribing agency
Description conventions rda
100 1# - MAIN ENTRY--PERSONAL NAME
Personal name Veloso, Maria
245 01 - TITLE STATEMENT
Title Web Copy That Sells
Remainder of title The Revolutionary Formula for Creating Killer Copy That Grabs Their Attention and Compels Them to Buy
Statement of responsibility, etc. ['Veloso, Maria']
264 #1 - PRODUCTION, PUBLICATION, DISTRIBUTION, MANUFACTURE, AND COPYRIGHT NOTICE
Name of producer, publisher, distributor, manufacturer Amacom
Date of production, publication, distribution, manufacture, or copyright notice 2009
300 ## - PHYSICAL DESCRIPTION
Extent p.
336 ## - CONTENT TYPE
Content type code txt
Source rdacontent
337 ## - MEDIA TYPE
Media type code c
Source rdamdedia
338 ## - CARRIER TYPE
Carrier type code c
Source rdacarrier
520 ## - SUMMARY, ETC.
Summary, etc. When it comes to copy, what works in the brick-and-mortar world does not necessarily grab Web consumers...and with new developments like social networks, blogs, and YouTube, the strategies that worked even a few years ago are unlikely to attract people’s attention. Completely updated for the current online marketplace, Web Copy That Sells gives readers proven methods for achieving phenomenal success with their online sales and marketing efforts. Readers will learn to: • write irresistible Web copy, e-mails, and marketing communications • quickly turn lackluster sites into “perpetual money machines” • streamline key messages down to intriguing “cyber bites” • use the psychological tactics that compel Web surfers to buy Featuring updated strategies for communicating and selling in the continually evolving landscape of Web 2.0, the second edition unlocks the secret to turning today’s online prospects into paying customers!
650 #0 - SUBJECT ADDED ENTRY--TOPICAL TERM
Topical term or geographic name entry element
700 0# - ADDED ENTRY--PERSONAL NAME
Personal name Veloso, Maria
856 40 - ELECTRONIC LOCATION AND ACCESS
Access method Cyberlibris
Uniform Resource Identifier <a href="https://international.scholarvox.com/netsen/book/88811264">https://international.scholarvox.com/netsen/book/88811264</a>
Electronic format type text/html
Host name

Pas d'exemplaire disponible.

PLUDOC

PLUDOC est la plateforme unique et centralisée de gestion des bibliothèques physiques et numériques de Guinée administré par le CEDUST. Elle est la plus grande base de données de ressources documentaires pour les Étudiants, Enseignants chercheurs et Chercheurs de Guinée.

Adresse

627 919 101/664 919 101

25 boulevard du commerce
Kaloum, Conakry, Guinée

Réseaux sociaux

Powered by Netsen Group @ 2025